| 000 | 01280cab a22002175a 4500 | ||
|---|---|---|---|
| 001 | L143442 | ||
| 008 | 080509s2008 xxk f 000 0 eng d | ||
| 035 | _a(Sirsi) u143442 | ||
| 041 | 0 | _aeng | |
| 100 | 1 | _aLangham, Richard | |
| 245 | 0 | 0 | _aPlanning for gypsy and traveller caravan sites |
| 260 | _c2008 | ||
| 490 |
_aSolicitors' Journal _vMay 2008, 20-22(2) |
||
| 520 | _aExamines the effect over the last two years of the ODPM's circular on planning for gypsy and traveller sites (L132486). The circular provides for the assessment of travellers' needs, the sharing between districts of site quotas according to regional spatial strategies, and their allocation. There are also transitional provisions for each of these stages. Notes that the allocation of land to travellers is a new development. Examines the problems raised when councils prefer to extend pitches rather than create new ones. Considers the wishes of landowners. Looks at temporary planning permission and its relation to satisfying the allocation quota. | ||
| 590 | _aKA | ||
| 650 | 2 | 4 | _aODPM CIRCULAR 01/2006 |
| 650 | 2 | 4 | _aDONCASTER BC V SOS FOR THE ENVIRONMENT |
| 651 | 4 |
_aUnited Kingdom _y |
|
| 690 | _aENVIRONMENTAL AND LAND CONSULTANCY-PLANNING AND DEVELOPMENT-DEVELOPMENT CONTROL | ||
| 942 | _n0 | ||
| 999 |
_c80179 _d80179 |
||